Quel personnage de TWD a ce regard - Statistiques

Statistiques générales
  • Ce quiz a été pris 24 fois
  • Le résultat moyen est 14 sur 20
Statistiques - réponses
Par images Réponse % Correct
Negan
100%
Carol
95%
Rick
95%
Hershel
84%
Jesus
84%
Rosita
84%
Aaron
79%
Alpha
79%
Judith
79%
Michonne
79%
Morgan
79%
Merle
74%
Gabriel
68%
Sasha
68%
Tara
68%
Eugene
58%
Gregory
42%
Jadis
42%
Magna
42%
Kelly
32%
Aucun quiz correspondant
Distribution des résultats
% des personnes avec chaque résultat
Percentile par nombre de réponses
Votre historique - résultats
Vous n’avez pas pris ce quiz